000 00666nam a2200265Ia 4500
005 20260306164529.0
008 008 260114s9999 xx 000 0 eng d
020 _a9780191756399
037 _aEBOOK
040 _aCRL
040 _beng
040 _cCRL
041 _2eng
041 _aeng
084 _qCRL
100 _aBernd Heine, Heiko Narrog
_91130994
245 4 _aThe Oxford Handbook Of Linguistic Analysis, Second Edition
260 _bOxford University Press
260 _c2015
650 _aLinguistics
856 _uhttps://academic.oup.com/edited-volume/28050
942 _cEBOOK
999 _c1714405
_d1714405